000 00593 a2200193 4500
020 _a0471498920
020 _a9780471498926
020 _a9780470028742
040 _aDLC
_bDLC
100 1 _aBlanchet, Marc,
245 1 0 _aMigrating to IPv6 : a practical guide to implementing IPv6 in mobile and fixed networks
_cMarc Blanchet.
260 _aHoboken, NJ :
_bJ. Wiley & Sons,
_c2005.
300 _a418 p. :
_bill. ;
_c26 cm.
650 0 _aTCP/IP (Computer network protocol)
650 0 _aInternet.
650 0 _aMobile computing.
650 0 _aElectronic books.
942 _cBK
_k04.62 BLA
_2ddc
999 _c10332
_d10332